| 000 | 00628nam a2200241Ia 4500 | ||
|---|---|---|---|
| 003 | OSt | ||
| 005 | 20220918192453.0 | ||
| 006 | a|||||r|||| 00| 0 | ||
| 007 | ta | ||
| 008 | 220917b |||||||| |||| 00| 0 eng d | ||
| 024 | _a68,564 | ||
| 037 | _cTextual | ||
| 040 |
_aARTS _cARTS _beng |
||
| 041 |
_2eng _aeng |
||
| 082 | _aR3z7, L1 | ||
| 100 |
_aMisra R S _979212 |
||
| 245 | 0 | _aStudies in philosophy and religion | |
| 260 |
_aVaranasi _bBhartiya Vidya Prakasana India _c1971 |
||
| 300 |
_a240p. _ccm. |
||
| 650 | _aPHILOSOPHY | ||
| 942 |
_hR3z7, L1 _cTEXL _2CC |
||
| 999 |
_c194735 _d194735 |
||